| 000 | aam a22 a 4500 | ||
|---|---|---|---|
| 999 |
_c171 _d171 |
||
| 001 | vtls000062546 | ||
| 003 | PNM | ||
| 005 | 20170425092328.0 | ||
| 008 | 17042 r1978 uk d 00 eng d | ||
| 040 | _aAKMAL | ||
| 082 | 0 | 4 | _a423 |
| 090 | 2 | 0 |
_a423 _bNEW |
| 245 | 0 | 4 | _aThe New Oxford illustrated dictionary |
| 260 |
_aOxford : _bBay Books in association with Oxford University Press, _c1982 |
||
| 300 | 0 | 0 |
_a2v. : _bill. col. ; _c29cm |
| 599 | _aDALAM PROSES | ||
| 650 | 0 |
_aEnglish language _vDictionaries _9375 |
|
| 942 |
_2ddc _cBOOK |
||